[Event "4NCL Division 3n"]
[Site "Shrigley Hall ENG"]
[Date "2014.01.11"]
[Round "3.77"]
[White "Hamer, Martyn"]
[Black "Stancak, Andrej"]
[Result "1/2-1/2"]
[WhiteElo "2017"]
[BlackElo "1975"]
[PlyCount "86"]
[EventDate "2014.01.11"]
[WhiteTeam "Manchester Manticores 1"]
[BlackTeam "Ferry 'Cross the Maroczy 1"]

1. Nf3 Nf6 2. c4 e6 3. g3 b6 4. Bg2 Bb7 5. O-O c5 6. Nc3 Be7 7. Re1 O-O 8. e4
d6 9. d4 cxd4 10. Nxd4 Qc8 11. Be3 Nbd7 12. Rc1 a6 13. b3 Qc7 14. f4 g6 15. f5
exf5 16. Nd5 Qd8 17. exf5 Nxd5 18. cxd5 Ne5 19. Nc6 Bxc6 20. dxc6 Qc7 21. Qd4
Rab8 22. fxg6 hxg6 23. Rc2 Bf6 24. Qa4 Kg7 25. Rf1 Rh8 26. Qf4 Be7 27. Bd4 f6
28. Rd1 Rh5 29. g4 Rh4 30. h3 b5 31. Qf2 Rbh8 32. Bxe5 fxe5 33. Rf1 Bg5 34. Qf3
Bf4 35. Qc3 g5 36. a4 Qb6+ 37. Kh1 b4 38. Qd3 e4 39. Qxe4 Rxh3+ 40. Bxh3 Rxh3+
41. Kg2 Rg3+ 42. Kh1 Rh3+ 43. Kg2 Rg3+ 1/2-1/2

[Event "4NCL Division 3n"]
[Site "Shrigley Hall ENG"]
[Date "2014.01.11"]
[Round "3.86"]
[White "Clark, Robert G"]
[Black "Latham, David"]
[Result "0-1"]
[WhiteElo "2005"]
[BlackElo "2071"]
[PlyCount "184"]
[EventDate "2014.01.11"]
[WhiteTeam "Holmes Chapel"]
[BlackTeam "Spirit of Atticus B"]

1. e4 c6 2. d4 d5 3. Nd2 dxe4 4. Nxe4 Bf5 5. Ng3 Bg6 6. Nf3 Nd7 7. h4 h6 8. h5
Bh7 9. Bd3 Bxd3 10. Qxd3 Ngf6 11. Bf4 e6 12. a3 Nd5 13. Bd2 Bd6 14. Ne4 Bc7 15.
O-O-O N5f6 16. Kb1 Nxe4 17. Qxe4 Nf6 18. Qd3 Qe7 19. Qb3 O-O-O 20. Bb4 Bd6 21.
Ne5 Bxb4 22. axb4 Nd7 23. Nc4 Nb6 24. b5 Nxc4 25. Qxc4 Rd6 26. Rh3 Kb8 27. Rb3
cxb5 28. Rxb5 Rhd8 29. Rd3 Qd7 30. Rb4 Rd5 31. g4 Qd6 32. f3 Rd7 33. Qc3 f5 34.
Rc4 Rc7 35. Re3 Rxc4 36. Qxc4 fxg4 37. fxg4 Rxd4 38. Qe2 Rd1+ 39. Ka2 Qd5+ 40.
c4 Qd7 41. Kb3 Rd2 42. Qf3 Qd6 43. Qg3 Kc7 44. Kc3 Qxg3 45. Rxg3 Rf2 46. g5
hxg5 47. Rxg5 Rf7 48. Kd4 Kd6 49. b4 b6 50. Ke4 Rc7 51. Kd3 a6 52. Kc3 Rf7 53.
Kd4 Rf4+ 54. Kd3 Rf5 55. Rxg7 Rxh5 56. Ra7 a5 57. c5+ bxc5 58. Ra6+ Kd7 59.
Rxa5 Rh3+ 60. Kc4 cxb4 61. Kxb4 Rd3 62. Kc4 Rd1 63. Rh5 Kd6 64. Rg5 Ke7 65. Rg6
Kf7 66. Rh6 Rd5 67. Kc3 Rd6 68. Kc4 Kg7 69. Rh1 e5 70. Rf1 Kg6 71. Re1 Kf5 72.
Rf1+ Ke6 73. Rh1 Rd4+ 74. Kc3 Kd5 75. Rh5 Ke6 76. Rh6+ Kf5 77. Rh5+ Kf6 78. Rh8
Rd7 79. Rf8+ Kg5 80. Rf1 e4 81. Rf8 Kg4 82. Rf6 e3 83. Rf8 Kg3 84. Rf6 e2 85.
Re6 Kf2 86. Rf6+ Ke1 87. Ra6 Rd5 88. Ra8 Rf5 89. Rh8 Kf2 90. Rh2+ Kf1 91. Rh1+
Kg2 92. Ra1 Kf2 0-1

[Event "4NCL Division 3n"]
[Site "Shrigley Hall ENG"]
[Date "2014.01.11"]
[Round "3.56"]
[White "Ivell, Nicholas W"]
[Black "Prasath, Malola TS"]
[Result "0-1"]
[WhiteElo "2285"]
[BlackElo "2041"]
[PlyCount "166"]
[EventDate "2014.01.11"]
[WhiteTeam "Spirit of Atticus A"]
[BlackTeam "North East England 2"]

1. e4 Nc6 2. d4 e5 3. d5 Nce7 4. g3 Ng6 5. Bg2 Bc5 6. Nf3 Nf6 7. Nc3 b5 $5 8.
O-O Rb8 $2 9. Qd3 a6 10. Be3 Qe7 11. Nd2 h5 12. Bxc5 Qxc5 13. Nb3 Qc4 14. Qe3
Rb6 15. a3 Ng4 16. Qg5 b4 17. axb4 Qxb4 18. d6 $5 Rxd6 19. Nd5 Qb8 20. h3 Nf6
21. f4 exf4 22. Nxf4 Nh7 23. Qxh5 Qa7+ 24. Kh1 Nhf8 25. Qc5 Qxc5 26. Nxc5 Nxf4
27. gxf4 Rd2 28. Nxa6 Rxc2 29. b4 d6 30. f5 Nh7 31. b5 Ng5 32. Ra3 O-O 33. h4
Nh7 34. Nb4 Rc5 35. Nd5 Bb7 36. Rg3 Bxd5 37. exd5 Nf6 38. Rg1 Rc4 39. Bh3 Rxh4
40. Rxg7+ Kh8 41. Kh2 Nxd5 42. R7g4 Rxg4 43. Rxg4 Rb8 44. f6 Nxf6 45. Rc4 Rb7
46. Bf1 Kg7 47. Rc6 Ng4+ 48. Kg3 Ne5 49. Ra6 Kf6 50. Kf4 Ng6+ 51. Ke4 Kg5 52.
Kd5 Ne7+ 53. Kd4 f5 54. Ra8 Kf6 55. Kc4 Ke6 56. Bg2 Rb6 57. Rd8 c6 58. bxc6
Nxc6 59. Re8+ Kf7 60. Ra8 Ne7 61. Kd4 Rb4+ 62. Ke3 Kf6 63. Re8 Rg4 64. Bf3 Rg8
$1 65. Rxg8 Nxg8 66. Bd1 Ke5 67. Bb3 d5 68. Bc2 Nf6 69. Bb1 Ne4 70. Bc2 d4+ 71.
Kf3 Nc5 72. Bb1 d3 73. Ke3 f4+ 74. Kf3 Kf5 75. Ba2 Ne4 76. Bg8 Ng5+ 77. Kf2 Ke4
78. Bb3 Kd4 79. Ba4 Kc3 80. Ke1 Ne4 81. Bd1 Kd4 82. Ba4 Ke3 83. Bd1 f3 0-1

[Event "4NCL Division 3n"]
[Site "Shrigley Hall ENG"]
[Date "2014.01.11"]
[Round "3.58"]
[White "Mitchell, Martin"]
[Black "Plater, Ron"]
[Result "1-0"]
[WhiteElo "2210"]
[BlackElo "1955"]
[PlyCount "77"]
[EventDate "2014.01.11"]
[WhiteTeam "Spirit of Atticus A"]
[BlackTeam "North East England 2"]

1. d4 Nf6 2. c4 e6 3. Nc3 d5 4. cxd5 exd5 5. Bg5 Be7 6. Qc2 O-O 7. e3 h6 8. Bh4
Nbd7 9. Bd3 b6 10. Nge2 Bb7 11. O-O-O a6 12. f3 c5 13. g4 c4 14. Bf5 b5 15.
Rdg1 Ne8 16. Bxe7 Qxe7 17. g5 h5 18. g6 b4 19. Nd1 Nd6 20. gxf7+ Rxf7 21. Bh7+
Kf8 22. Nf4 Rxf4 23. exf4 b3 24. axb3 cxb3 25. Qxb3 Rc8+ 26. Bc2 Qf6 27. Rg5
Qxd4 28. Rxh5 Qxf4+ 29. Qe3 Qa4 30. Rh8+ Kf7 31. Rxc8 Qa1+ 32. Bb1 Nxc8 33.
Qf4+ Kg8 34. Qc7 Qa4 35. Re1 Qc4+ 36. Qxc4 dxc4 37. Be4 Nc5 38. Bxb7 Nxb7 39.
Re8+ 1-0

[Event "4NCL Division 3n"]
[Site "Shrigley Hall ENG"]
[Date "2014.01.11"]
[Round "3.65"]
[White "Walker, David J"]
[Black "Wallace, Paul A"]
[Result "1-0"]
[WhiteElo "2266"]
[BlackElo "2165"]
[PlyCount "81"]
[EventDate "2014.01.11"]
[WhiteTeam "North East England 1"]
[BlackTeam "Cheddleton 2"]

1. c4 e5 2. g3 Nc6 3. Nc3 g6 4. Bg2 Bg7 5. e4 d6 6. Nge2 h5 7. h4 Bg4 8. f3 Be6
9. d3 Qd7 10. Nd5 Nd4 11. Nxd4 exd4 12. Nf4 Be5 13. O-O Bxf4 14. Bxf4 f6 15.
Qd2 Ne7 16. b4 c5 17. bxc5 dxc5 18. a4 Nc6 19. a5 O-O 20. Rfb1 Nb4 21. Qe2 b6
22. Bd2 bxa5 23. Rxa5 Qc7 24. Rba1 Qxg3 25. Rxc5 Rfb8 26. Be1 Qd6 27. Rca5 Nc6
28. Ra6 Qc5 29. f4 Bg4 30. Qa2 Nb4 31. Bxb4 Rxb4 32. Rxf6 a5 33. Rxg6+ Kh7 34.
Rg5 Qc7 35. Qf2 Rg8 36. Raxa5 Rb1+ 37. Kh2 Rgb8 38. Qg3 Kh6 39. Rxh5+ Bxh5 40.
Rxh5+ Kxh5 41. Qg5# 1-0

[Event "4NCL Division 3n"]
[Site "Shrigley Hall ENG"]
[Date "2014.01.11"]
[Round "3.67"]
[White "Dargan, Paul AG"]
[Black "Richardson, Alex"]
[Result "1-0"]
[WhiteElo "2160"]
[BlackElo "2111"]
[PlyCount "83"]
[EventDate "2014.01.11"]
[WhiteTeam "North East England 1"]
[BlackTeam "Cheddleton 2"]

1. e4 c6 2. d4 d5 3. Nc3 g6 4. h3 Bg7 5. Nf3 Nh6 6. Bd3 O-O 7. O-O f6 8. Re1
Nf7 9. Be3 e5 10. dxe5 fxe5 11. Bc5 d4 12. Bxf8 Qxf8 13. Ne2 Be6 14. c3 dxc3
15. Nxc3 Nd7 16. Qe2 Nb6 17. Rad1 Bf6 18. b3 Be7 19. Nb1 Bb4 20. Nbd2 a5 21. a4
Bc3 22. Rb1 Rd8 23. Rec1 Bb4 24. Bc4 Qe7 25. Bxe6 Qxe6 26. Qe3 Nd7 27. Rd1 Nc5
28. Nc4 Ra8 29. Ng5 Nxg5 30. Qxg5 Nxe4 31. Rd8+ Kg7 32. Qh4 Be7 33. Rd7 Qxd7
34. Qxe4 Bf6 35. Nb6 Qe8 36. Nxa8 Qxa8 37. Rd1 Qe8 38. Qg4 b5 39. Rd7+ Kg8 40.
Rc7 e4 41. Rc8 Bd8 42. Qd1 1-0

[Event "4NCL Division 3n"]
[Site "Shrigley Hall ENG"]
[Date "2014.01.11"]
[Round "3.68"]
[White "Zhang, Zheming"]
[Black "Oates, David R"]
[Result "0-1"]
[WhiteElo "1807"]
[BlackElo "2159"]
[PlyCount "64"]
[EventDate "2014.01.11"]
[WhiteTeam "Cheddleton 2"]
[BlackTeam "North East England 1"]

1. e4 Nc6 2. Nf3 d6 3. d4 Nf6 4. Bd3 Bg4 5. c3 e5 6. d5 Nb8 7. h3 Bxf3 8. Qxf3
Nbd7 9. O-O a6 10. Bg5 Be7 11. Nd2 Nxd5 12. exd5 Bxg5 13. Ne4 g6 14. Qe2 O-O
15. c4 f5 16. Nc3 Qf6 17. f3 Rae8 18. Bc2 Re7 19. Rae1 Bh4 20. Rd1 Bg3 21. b3
e4 22. Nb1 e3 23. f4 Bf2+ 24. Kh1 Qh4 25. Rd4 Nf6 26. Bd1 Nh5 27. Kh2 Ng3 28.
Rxf2 Nxe2 29. Rxe2 Re4 30. g3 Rxd4 31. gxh4 Rxd1 32. Na3 Rd2 0-1

[Event "4NCL Division 3n"]
[Site "Shrigley Hall ENG"]
[Date "2014.01.11"]
[Round "3.69"]
[White "Coathup, Roger H"]
[Black "Davison, Colin FS"]
[Result "1-0"]
[WhiteElo "2127"]
[BlackElo "2072"]
[PlyCount "71"]
[EventDate "2014.01.11"]
[WhiteTeam "North East England 1"]
[BlackTeam "Cheddleton 2"]

1. d4 e6 2. c4 Nf6 3. Nc3 Bb4 4. e3 d5 5. a3 Bxc3+ 6. bxc3 O-O 7. cxd5 exd5 8.
Bd3 c5 9. Ne2 Re8 10. O-O Nbd7 11. Ng3 Ne4 12. Ne2 c4 13. Bb1 Ndf6 14. f3 Nd6
15. Ng3 Bd7 16. Re1 h5 17. e4 h4 18. e5 hxg3 19. exd6 gxh2+ 20. Kh1 Nh5 21.
Rxe8+ Bxe8 22. g4 Ng3+ 23. Kxh2 Qxd6 24. Kg2 Bc6 25. Qe1 Ne4 26. fxe4 dxe4 27.
Be3 Qg6 28. Qg3 f5 29. gxf5 Qxf5 30. Ba2 Qf3+ 31. Qxf3 exf3+ 32. Kf2 b5 33. Rg1
Kf7 34. Bb1 Rh8 35. Bf4 g5 36. Rxg5 1-0

[Event "4NCL Division 3n"]
[Site "Shrigley Hall ENG"]
[Date "2014.01.11"]
[Round "3.85"]
[White "Ackley, Peter JE"]
[Black "Turner, John M"]
[Result "1/2-1/2"]
[WhiteElo "2024"]
[BlackElo "2040"]
[PlyCount "49"]
[EventDate "2014.01.11"]
[WhiteTeam "Spirit of Atticus B"]
[BlackTeam "Holmes Chapel"]

1. c4 e5 2. g3 Nf6 3. Bg2 d5 4. cxd5 Nxd5 5. Nc3 Nb6 6. Nf3 Nc6 7. O-O Be7 8.
a3 Be6 9. d3 O-O 10. b4 a5 11. b5 Nd4 12. Rb1 f6 13. Nd2 c6 14. e3 Nxb5 15.
Nxb5 cxb5 16. Rxb5 Qc7 17. Qf3 Bd7 18. Rb1 Bc6 19. Qd1 Bxg2 20. Kxg2 Qc6+ 21.
Qf3 Rfc8 22. d4 exd4 23. Qxc6 Rxc6 24. exd4 Rac8 25. Nb3 1/2-1/2

[Event "4NCL Division 3n"]
[Site "Shrigley Hall ENG"]
[Date "2014.01.11"]
[Round "3.90"]
[White "Pearson, Raymond"]
[Black "Connor, Stephen J"]
[Result "1/2-1/2"]
[WhiteElo "1923"]
[BlackElo "2030"]
[PlyCount "75"]
[EventDate "2014.01.11"]
[WhiteTeam "Holmes Chapel"]
[BlackTeam "Spirit of Atticus B"]

1. e4 c5 2. Nf3 d6 3. d4 cxd4 4. Nxd4 Nf6 5. Nc3 a6 6. Bg5 e6 7. f4 Be7 8. Qf3
Qc7 9. O-O-O Nbd7 10. Kb1 b5 11. g3 b4 12. Na4 Bb7 13. Bd3 Nc5 14. Bxf6 Bxf6
15. Nxc5 dxc5 16. Nxe6 fxe6 17. Bc4 O-O 18. Bxe6+ Kh8 19. Rd7 Qc6 20. Rxb7 Qxe6
21. e5 Be7 22. Re1 g6 23. g4 Rae8 24. h3 Bg5 25. f5 gxf5 26. h4 Bh6 27. g5 Bg7
28. h5 Rf7 29. Rxf7 Qxf7 30. e6 Qe7 31. h6 Qxg5 32. hxg7+ Kxg7 33. Qb7+ Re7 34.
Qxa6 Qd2 35. Qf1 Kf6 36. Rd1 Qe3 37. Re1 Qd2 38. Rd1 1/2-1/2

[Event "4NCL Division 3n"]
[Site "Shrigley Hall ENG"]
[Date "2014.01.11"]
[Round "3.98"]
[White "Armstrong, William G"]
[Black "Nicholson, Jim WR"]
[Result "1/2-1/2"]
[WhiteElo "1868"]
[BlackElo "2030"]
[PlyCount "72"]
[EventDate "2014.01.11"]
[WhiteTeam "Cheddleton 3"]
[BlackTeam "Bradford DCA Knights B"]

1. e4 c5 2. Nf3 d6 3. d4 cxd4 4. Nxd4 Nf6 5. Nc3 a6 6. f3 e5 7. Nb3 Be6 8. Be3
Be7 9. Qd2 O-O 10. O-O-O a5 11. Bb5 Na6 12. Nd5 Bxd5 13. exd5 Nb4 14. a4 Nfxd5
15. Kb1 Nxe3 16. Qxe3 Bg5 17. Qf2 Qc7 18. c3 Nc6 19. g3 Na7 20. Qe2 Rfc8 21.
Rd5 Nxb5 22. Rxb5 Ra6 23. f4 Bf6 24. Re1 h6 25. Nd2 Rb6 26. Rxb6 Qxb6 27. Nc4
Qc5 28. Nxd6 Qxd6 29. fxe5 Bxe5 30. Qxe5 Qd3+ 31. Kc1 Rd8 32. Qe2 Qd5 33. Rd1
Qg5+ 34. Kb1 Qf5+ 35. Kc1 Qg5+ 36. Kb1 Qf5+ 1/2-1/2

[Event "4NCL Division 3n"]
[Site "Shrigley Hall ENG"]
[Date "2014.01.11"]
[Round "3.105"]
[White "Mulleady, Peter J"]
[Black "White, Mark W"]
[Result "1-0"]
[WhiteElo "1891"]
[BlackElo "2080"]
[PlyCount "75"]
[EventDate "2014.01.11"]
[WhiteTeam "Manchester Manticores 2"]
[BlackTeam "Jorvik"]

1. c4 Nf6 2. g3 g6 3. Bg2 Bg7 4. Nc3 c5 5. e4 Nc6 6. Nge2 d6 7. d3 O-O 8. O-O
a6 9. Rb1 Rb8 10. a4 Bd7 11. Bg5 h6 12. Bf4 Kh7 13. b3 Nh5 14. Be3 f5 15. Qd2
e5 16. f4 Nd4 17. Nd5 Nf6 18. Nxf6+ Bxf6 19. Nc3 Bg7 20. Bxd4 exd4 21. Nd5 b5
22. axb5 axb5 23. Rfe1 fxe4 24. Bxe4 Bc6 25. Bxg6+ Kxg6 26. Ne7+ Kh7 27. Nxc6
Qd7 28. Nxb8 Rxb8 29. Qe2 d5 30. cxd5 Qxd5 31. Qe4+ Qxe4 32. Rxe4 Ra8 33. Re7
Ra2 34. Rc1 Kg6 35. Rxc5 Bf8 36. Rc6+ Kh5 37. Rf7 Bb4 38. h3 1-0

[Event "4NCL Division 3n"]
[Site "Shrigley Hall ENG"]
[Date "2014.01.11"]
[Round "3.106"]
[White "Mounce, Richard B"]
[Black "Whitehead, Mark A"]
[Result "1/2-1/2"]
[WhiteElo "2048"]
[BlackElo "2026"]
[PlyCount "33"]
[EventDate "2014.01.11"]
[WhiteTeam "Jorvik"]
[BlackTeam "Manchester Manticores 2"]

1. e4 c5 2. Nf3 e6 3. d4 cxd4 4. Nxd4 a6 5. Bd3 Bc5 6. Nb3 Ba7 7. a4 Ne7 8. Nc3
O-O 9. Bf4 d6 10. O-O Nbc6 11. Bc4 e5 12. Bg5 Kh8 13. Nd5 f6 14. Nxe7 Qxe7 15.
Bd2 Be6 16. Bxe6 Qxe6 17. Qe2 1/2-1/2

[Event "4NCL Division 3n"]
[Site "Shrigley Hall ENG"]
[Date "2014.01.11"]
[Round "3.115"]
[White "McCarthy, Damian"]
[Black "Hawkins, James NH"]
[Result "0-1"]
[WhiteElo "1895"]
[BlackElo "1940"]
[PlyCount "78"]
[EventDate "2014.01.11"]
[WhiteTeam "Bradford DCA Knights C"]
[BlackTeam "Ferry 'Cross the Maroczy 2"]

1. e4 e5 2. Nf3 Nc6 3. d4 exd4 4. Bc4 Nf6 5. e5 d5 6. Bb5 Ne4 7. Nxd4 Bd7 8.
Bxc6 bxc6 9. O-O Bc5 10. f3 Ng5 11. f4 Ne4 12. Be3 Qe7 13. Nd2 Nxd2 14. Qxd2
O-O 15. Nb3 Bxe3+ 16. Qxe3 Bf5 17. c3 a5 18. Nd4 Bd7 19. f5 Rfe8 20. Rae1 c5
21. Nb3 c4 22. f6 gxf6 23. Qg3+ Kh8 24. exf6 Qf8 25. Nd4 c5 26. Nf5 Rxe1 27.
Qxe1 Bxf5 28. Rxf5 d4 29. cxd4 cxd4 30. Rd5 Re8 31. Re5 Rd8 32. Qxa5 Qd6 33.
Re7 h6 34. Qe5 Qxe5 35. Rxe5 d3 36. Re1 Rb8 37. Kf1 Rxb2 38. Re8+ Kh7 39. Rd8
c3 0-1

[Event "4NCL Division 3n"]
[Site "Shrigley Hall ENG"]
[Date "2014.01.11"]
[Round "3.116"]
[White "Boumphrey, Luke S"]
[Black "Slinger, AJ (Tony)"]
[Result "0-1"]
[WhiteElo "1982"]
[BlackElo "1932"]
[PlyCount "98"]
[EventDate "2014.01.11"]
[WhiteTeam "Ferry 'Cross the Maroczy 2"]
[BlackTeam "Bradford DCA Knights C"]

1. e4 e6 2. d4 d5 3. Nd2 Be7 4. Bd3 c5 5. c3 cxd4 6. cxd4 Nc6 7. Ndf3 dxe4 8.
Bxe4 Bf6 9. Ne2 Nge7 10. O-O O-O 11. Bg5 Nd5 12. Bxf6 Qxf6 13. Qd2 Rd8 14. Rad1
Bd7 15. Bb1 Rac8 16. Ng3 g6 17. Qh6 Qg7 18. Qh4 Nce7 19. Rfe1 Ba4 20. b3 Bc6
21. Re5 Nf6 22. Ng5 Rd5 23. f4 Nf5 24. Nxf5 exf5 25. Re7 Rd7 26. Rde1 Rxe7 27.
Rxe7 Bd5 28. Qe1 h6 29. Ne6 Bxe6 30. Rxe6 Rd8 {(=)} 31. Re7 Rxd4 32. Rxb7 Ne4
33. Rxa7 Qf6 34. Ra8+ Kg7 35. Bxe4 Rxe4 36. Qd1 Rxf4 37. h3 Rd4 38. Qe2 Re4 39.
Qd1 Qe5 40. Kf1 Rf4+ 41. Kg1 Re4 42. Qd2 Re2 43. Qd3 Qc5+ 44. Kh2 Qe5+ 45. Qg3
f4 46. Qf3 Re3 47. Qf2 f3+ 48. Qg3 f2 49. Qxe5+ Rxe5 0-1

[Event "4NCL Division 3n"]
[Site "Shrigley Hall ENG"]
[Date "2014.01.11"]
[Round "3.119"]
[White "Bramson, Mike"]
[Black "Stephens, Ian Paul"]
[Result "1-0"]
[WhiteElo "1810"]
[BlackElo "1866"]
[PlyCount "129"]
[EventDate "2014.01.11"]
[WhiteTeam "Bradford DCA Knights C"]
[BlackTeam "Ferry 'Cross the Maroczy 2"]

1. e4 c5 2. Nf3 Nc6 3. Nc3 d6 4. Bc4 e6 5. d3 Nf6 6. h3 a6 7. a4 Be7 8. O-O Bd7
9. Re1 Nd4 10. Nxd4 cxd4 11. Ne2 e5 12. Ng3 b5 13. axb5 axb5 14. Rxa8 Qxa8 15.
Bb3 O-O 16. Bd2 Qc8 17. Qf3 Be6 18. Nf5 Qd7 19. Ra1 Bxf5 20. Qxf5 Qxf5 21. exf5
d5 22. Ra7 Bd6 23. Bg5 e4 24. Bxf6 gxf6 25. Bxd5 exd3 26. cxd3 Rc8 27. g3 Rc7
28. Rxc7 Bxc7 29. Kg2 Kf8 30. Kf3 Ke7 31. Ke4 b4 32. f4 Bb8 33. Kxd4 Ba7+ 34.
Ke4 Bf2 35. g4 Bh4 36. Bc4 h6 37. Kd5 Be1 38. Kc6 Bd2 39. Kc5 b3 40. Bxb3 Bc1
41. d4 Bxb2 42. d5 Ba3+ 43. Kd4 Bd6 44. Ke4 Bc7 45. h4 Bd6 46. g5 hxg5 47. fxg5
Bg3 48. g6 fxg6 49. fxg6 Bxh4 50. d6+ Kf8 51. Kf5 Be1 52. Kxf6 Bc3+ 53. Kg5 Kg7
54. Bf7 Be5 55. d7 Bf6+ 56. Kf5 Bd8 57. Ke6 Kf8 58. Be8 Bh4 59. Kd6 Be7+ 60.
Kc7 Bb4 61. d8=Q Ba5+ 62. Kd7 Bxd8 63. Kxd8 Kg7 64. Ke7 Kg8 65. Kf6 1-0

[Event "4NCL Division 3n"]
[Site "Shrigley Hall ENG"]
[Date "2014.01.12"]
[Round "4.55"]
[White "Lund, D Brett"]
[Black "Walker, David J"]
[Result "1/2-1/2"]
[WhiteElo "2253"]
[BlackElo "2266"]
[PlyCount "63"]
[EventDate "2014.01.12"]
[WhiteTeam "Spirit of Atticus A"]
[BlackTeam "North East England 1"]

1. c4 e5 2. g3 Nf6 3. Bg2 c6 4. d4 Bb4+ 5. Bd2 Bxd2+ 6. Qxd2 d6 7. Nc3 O-O 8.
e3 Na6 9. Nge2 Qe7 10. O-O Bd7 11. Rad1 Rfd8 12. h3 Nc7 13. e4 b5 14. cxb5 Nxb5
15. Qe3 exd4 16. Nxd4 Nxc3 17. Qxc3 Rac8 18. Rfe1 c5 19. Nf5 Bxf5 20. exf5 Qd7
21. g4 d5 22. g5 d4 23. Qf3 Ne8 24. f6 Qd6 25. Re7 Rc7 26. Rde1 Rxe7 27. fxe7
Rb8 28. Bf1 Nc7 29. Bc4 Ne6 30. Qf5 Qxe7 31. Bxe6 fxe6 32. Rxe6 1/2-1/2

[Event "4NCL Division 3n"]
[Site "Shrigley Hall ENG"]
[Date "2014.01.12"]
[Round "4.56"]
[White "Dunn, Andrew"]
[Black "Ivell, Nicholas W"]
[Result "1/2-1/2"]
[WhiteElo "2225"]
[BlackElo "2285"]
[PlyCount "45"]
[EventDate "2014.01.12"]
[WhiteTeam "North East England 1"]
[BlackTeam "Spirit of Atticus A"]

1. d4 d5 2. Nf3 e6 3. c4 c5 4. cxd5 exd5 5. Nc3 Nc6 6. dxc5 d4 7. Na4 Bxc5 8.
Nxc5 Qa5+ 9. Bd2 Qxc5 10. Rc1 Qb6 11. e3 Nf6 12. Bc4 O-O 13. exd4 Nxd4 14. Nxd4
Qxd4 15. Be3 Qxb2 16. O-O Bg4 17. Qd6 Rad8 18. Qg3 Bf5 19. Bxa7 b5 20. Qb3 Qxb3
21. Bxb3 Bd3 22. Rfe1 Rd7 23. Bc5 1/2-1/2

[Event "4NCL Division 3n"]
[Site "Shrigley Hall ENG"]
[Date "2014.01.12"]
[Round "4.57"]
[White "Carleton, John J"]
[Black "Coathup, Roger H"]
[Result "1-0"]
[WhiteElo "2245"]
[BlackElo "2127"]
[PlyCount "91"]
[EventDate "2014.01.12"]
[WhiteTeam "Spirit of Atticus A"]
[BlackTeam "North East England 1"]

1. d4 Nf6 2. c4 g6 3. Nc3 Bg7 4. e4 d6 5. f4 O-O 6. Nf3 Na6 7. e5 Ne8 8. c5
dxc5 9. d5 Nb8 10. Be3 b6 11. h4 c6 12. h5 cxd5 13. hxg6 hxg6 14. Nxd5 Nc7 15.
Nxc7 Qxc7 16. Ng5 Rd8 17. Qb3 e6 18. Bd3 Nc6 19. O-O-O Nd4 20. Bxd4 Rxd4 21.
Be4 Bb7 22. Bxg6 Bd5 23. Qh3 fxg6 24. Qh7+ Kf8 25. Qxg6 Re8 26. Nh7+ Ke7 27.
Qxg7+ Kd8 28. Qxc7+ Kxc7 29. Rxd4 cxd4 30. Nf6 Rd8 31. Rh7+ Kc6 32. g4 Kb5 33.
Nxd5 Rxd5 34. Rxa7 Kc4 35. Kd2 Rd8 36. Rc7+ Kb5 37. Kd3 Rf8 38. Ke4 Rd8 39. Rc1
d3 40. Ke3 Kb4 41. a3+ Kb5 42. b3 Rh8 43. Kxd3 Rh3+ 44. Ke4 Rg3 45. a4+ Kb4 46.
Rc6 1-0

[Event "4NCL Division 3n"]
[Site "Shrigley Hall ENG"]
[Date "2014.01.12"]
[Round "4.58"]
[White "Oates, David R"]
[Black "Mitchell, Martin"]
[Result "0-1"]
[WhiteElo "2159"]
[BlackElo "2210"]
[PlyCount "78"]
[EventDate "2014.01.12"]
[WhiteTeam "North East England 1"]
[BlackTeam "Spirit of Atticus A"]

1. c4 Nf6 2. g3 e6 3. Bg2 d5 4. Nf3 Be7 5. O-O O-O 6. b3 c5 7. Bb2 Nc6 8. e3 d4
9. exd4 cxd4 10. Re1 Ne8 11. Ne5 Nxe5 12. Rxe5 f6 13. Re4 e5 14. Qh5 g6 15. Qh6
Ng7 16. Rh4 Nh5 17. Rxh5 gxh5 18. Bd5+ Kh8 19. Qxh5 Rb8 20. d3 b5 21. Nd2 bxc4
22. dxc4 Bb7 23. Be6 Qe8 24. Qxe8 Rbxe8 25. Bf5 Bc8 26. Be4 f5 27. Bc6 Rd8 28.
Nf3 Bf6 29. Bd5 Rfe8 30. Re1 Bd7 31. h4 Kg7 32. h5 h6 33. Kg2 d3 34. Bxe5 Bxe5
35. Rxe5 Rxe5 36. Nxe5 d2 37. Bf3 Kf6 38. Nxd7+ Rxd7 39. Bd1 Re7 0-1

[Event "4NCL Division 3n"]
[Site "Shrigley Hall ENG"]
[Date "2014.01.12"]
[Round "4.59"]
[White "Latham, David"]
[Black "Dargan, Paul AG"]
[Result "0-1"]
[WhiteElo "2071"]
[BlackElo "2160"]
[PlyCount "84"]
[EventDate "2014.01.12"]
[WhiteTeam "Spirit of Atticus A"]
[BlackTeam "North East England 1"]

1. d4 Nf6 2. Nf3 c5 3. g3 cxd4 4. Nxd4 Nc6 5. Bg2 g6 6. O-O Bg7 7. c4 O-O 8.
Nc3 d6 9. Nxc6 bxc6 10. Bxc6 Bh3 11. Bg2 Bxg2 12. Kxg2 Qc7 13. Qd3 Rfc8 14. Nd5
Nxd5 15. cxd5 Qc2 16. Rd1 Rab8 17. Bg5 Qxd3 18. Rxd3 Rxb2 19. a4 Rcc2 20. Raa3
Rxe2 21. Be3 a6 22. Rab3 Rxb3 23. Rxb3 Rb2 24. Rd3 Rb4 25. a5 f5 26. Kf3 Kf7
27. h4 Ra4 28. Bb6 Bb2 29. Bd8 Ra3 30. Rxa3 Bxa3 31. g4 fxg4+ 32. Kxg4 h5+ 33.
Kf4 Bc1+ 34. Ke4 Bd2 35. Kd3 Bf4 36. Ke4 Be5 37. Kf3 Bf6 38. Kg3 e6 39. dxe6+
Kxe6 40. Bb6 Kd5 41. f4 Ke4 42. Bc7 d5 0-1

[Event "4NCL Division 3n"]
[Site "Shrigley Hall ENG"]
[Date "2014.01.12"]
[Round "4.60"]
[White "Solomon, Norman"]
[Black "Ackley, Peter JE"]
[Result "1/2-1/2"]
[WhiteElo "2135"]
[BlackElo "2024"]
[PlyCount "28"]
[EventDate "2014.01.12"]
[WhiteTeam "North East England 1"]
[BlackTeam "Spirit of Atticus A"]

1. d4 e6 2. Nf3 f5 3. c4 Nf6 4. g3 Be7 5. Bg2 O-O 6. O-O d6 7. b3 Ne4 8. Nfd2
Nxd2 9. Qxd2 Bf6 10. Bb2 d5 11. cxd5 exd5 12. Nc3 c6 13. e3 Nd7 14. Ne2 Be7
1/2-1/2

[Event "4NCL Division 3n"]
[Site "Shrigley Hall ENG"]
[Date "2014.01.12"]
[Round "4.66"]
[White "Burgin, Ryan"]
[Black "Acey, Gerald"]
[Result "0-1"]
[WhiteElo "2061"]
[BlackElo "2114"]
[PlyCount "62"]
[EventDate "2014.01.12"]
[WhiteTeam "Manchester Manticores 1"]
[BlackTeam "Cheddleton 2"]

1. d4 d5 2. Nf3 e6 3. c4 Nf6 4. cxd5 exd5 5. Nc3 Be7 6. Qc2 c6 7. Bg5 Nbd7 8.
e3 O-O 9. Bd3 Re8 10. O-O Nf8 11. Bxf6 Bxf6 12. b4 Be7 13. Rab1 Bd6 14. Rfc1
Bg4 15. Nd2 Qh4 16. Nf1 Re6 17. Bf5 Bxf5 18. Qxf5 Rf6 19. Qc2 Bxh2+ 20. Nxh2
Rh6 21. Kf1 Qxh2 22. b5 Rf6 23. bxc6 bxc6 24. Ne2 Re8 25. Rb3 Ng6 26. Ng1 Nh4
27. f3 Nf5 28. Qf2 Rfe6 29. Rcc3 h5 30. Ne2 Qh1+ 31. Qg1 Nxe3+ 0-1

[Event "4NCL Division 3n"]
[Site "Shrigley Hall ENG"]
[Date "2014.01.12"]
[Round "4.67"]
[White "Richardson, Alex"]
[Black "Hamer, Martyn"]
[Result "1-0"]
[WhiteElo "2111"]
[BlackElo "2017"]
[PlyCount "87"]
[EventDate "2014.01.12"]
[WhiteTeam "Cheddleton 2"]
[BlackTeam "Manchester Manticores 1"]

1. e4 Nf6 2. e5 Nd5 3. d4 d6 4. c4 Nb6 5. exd6 exd6 6. Nf3 Be7 7. Be2 O-O 8.
Nc3 Re8 9. O-O Bf6 10. h3 Bf5 11. Bf4 Nc6 12. Rc1 a6 13. Re1 d5 14. c5 Nc8 15.
b4 N8e7 16. b5 axb5 17. Bxb5 Ng6 18. Rxe8+ Qxe8 19. Nxd5 Qd8 20. Nxf6+ gxf6 21.
Be3 Rxa2 22. Qb3 Be6 23. Bc4 Bxc4 24. Qxc4 Ra8 25. Rd1 Nge7 26. d5 Ne5 27. Nxe5
fxe5 28. Bg5 Qd7 29. Bxe7 Qxe7 30. Qg4+ Kh8 31. d6 cxd6 32. cxd6 Qe6 33. d7 Rd8
34. Qb4 b6 35. Rd3 Qf6 36. Rd5 Qc6 37. Qd2 b5 38. Rd6 Qc7 39. Qg5 b4 40. Qxe5+
Kg8 41. Qe8+ Kg7 42. Rd3 h5 43. Rg3+ Kf6 44. Rf3+ 1-0